000 00211nam a22000857a 4500
008 161201b xxu||||| |||| 00| 0 eng d
100 _91682
_aRao.C
245 _aDusty the dachshund
260 _aNew Delhi
_bN.D CBT
_c2007
999 _c4393
_d4393